Resumen estadístico (Record no. 126715)

MARC details
000 -LEADER
campo de control de longitud fija 00579nam a2200169 4500
001 - NÚMERO DE CONTROL
campo de control 126715
003 - IDENTIFICADOR DE NÚMERO DE CONTROL
campo de control ES-MaACL
005 - FECHA Y HORA DE LA ÚLTIMA TRANSACCIÓN
campo de control 20230906192851.0
007 - CAMPO FIJO DE DESCRIPCIÓN FÍSICA--INFORMACIÓN GENERAL
campo de control de longitud fija t|
008 - DATOS DE LONGITUD FIJA--INFORMACIÓN GENERAL
campo de control de longitud fija 070214m19451946sp r ||||1| spa d
245 00 - MENCIÓN DEL TÍTULO
Título Resumen estadístico
Resto del título : suplemento al `Boletín del Ayuntamiento de Madrid`.
260 ## - PUBLICACIÓN, DISTRIBUCIÓN, ETC.
Lugar de publicación, distribución, etc. Madrid :
Nombre del editor, distribuidor, etc. Artes Gráficas Municipales,
Fecha de publicación, distribución, etc. 1945-46.
300 ## - DESCRIPCIÓN FÍSICA
Extensión 1 v. ;
Dimensiones 27 cm.
500 ## - NOTA GENERAL
Nota general Precede al tít.: Ayuntamiento de Madrid, Sección de Estadística.
710 1# - ENTRADA AGREGADA--NOMBRE DE ENTIDAD CORPORATIVA
Nombre de entidad corporativa o nombre de jurisdicción como elemento de entrada Madrid.
Unidad subordinada Ayuntamiento.
-- Sección de Estadística.
9 (RLIN) 5584
852 ## - LOCALIZACIÓN
Ubicación ES-MaACL
Número de control de estantería C-13335
Holdings
Estatus retirado Estado de pérdida Estado de daño No para préstamo Biblioteca de origen Biblioteca actual Ubicación en estantería Fecha de adquisición Fuente de adquisición Total de préstamos Signatura topográfica completa Código de barras Visto por última vez Precio de reemplazo Tipo de ítem Koha
        Biblioteca del Ateneo de Madrid Biblioteca del Ateneo de Madrid Sala Palomar 17/01/2008     C-13335 1131986 23/02/2023 23/02/2023 Libro impreso